[Event "Montreal 6th"]
[Site "Montreal"]
[Date "2005.08.07"]
[Round "5"]
[White "Shipov, Sergei"]
[Black "Bluvshtein, Mark"]
[Result "1-0"]
[WhiteElo "2582"]
[BlackElo "2525"]
[Annotator "Golod,V"]
[PlyCount "89"]
[EventDate "2005.08.03"]
[EventType "tourn"]
[EventRounds "11"]
[EventCountry "CAN"]
[EventCategory "12"]
[SourceTitle "CBM 109"]
[Source "ChessBase"]
[SourceDate "2005.11.14"]
[SourceVersion "1"]
[SourceVersionDate "2005.11.14"]
[SourceQuality "1"]

1. d4 Nf6 2. c4 e6 3. Nc3 Bb4 4. Qc2 c5 5. dxc5 O-O 6. a3 Bxc5 7. Bf4 b6 8. Nf3
Bb7 9. Rd1 Nc6 10. e3 {Besides this move White has two main alternatives:} (10.
e4 $5 {You can see my annotations to game: Harikrishna,P-Macieja,B/Bermuda,
2005/CBM 106(1-0)(37)}) ({and} 10. b4 $5 {You can see my comments to Bareev,
E-Korotylev,A/Moscow,2004/CBM 104(1-0)(58)}) 10... Rc8 11. Be2 Be7 12. Nb5 $5 {
Sergei Shipov does not choose the most popular continuation.} ({The main
continuation is:} 12. O-O {For further comments you can see my annotations to
game: Gurevich,M-Riazantsev,A/Batumi,2002/CBM 090(1-0)(35)}) 12... d5 13. Qb1 (
{This was seen once in this position:} 13. Qa4) ({and} 13. O-O {but without
much success.}) 13... a6 (13... Nh5 $6 {The wrong decision, this not a
successful place for Black's knight.} 14. Bg3 g6 15. cxd5 exd5 16. e4 Nxg3 17.
hxg3 d4 18. Qc1 $16 {Gurevich,M-Hansen,C/Esbjerg,2000(0-1)(39)}) 14. Nc3 Na5
15. cxd5 exd5 {Black has an isolated pawn, but he has the square c4 for his
knight.} 16. Be5 Nc4 {I don't think this was any better:} (16... Re8 $5 {
You can see annotations to game: Dearing,E-Georgiev,K/Coventry,2005/CBM 105 (1/
2-1/2)(Dearing,E)(59)}) 17. Bxc4 {Otherwise, White can't get out of the
opening with something:} (17. Bd4 $143 b5 18. O-O Qa5 19. Bd3 g6 $11 {Gurevich,
M-Macieja,B/Batumi,2002(1/2-1/2)(26)}) 17... Rxc4 18. O-O ({Again a little bit
prematurely:} 18. Bd4 Qd6 19. O-O Rfc8 20. Ne5 R4c7 21. Qf5 b5 22. h3 Qe6 23.
Qxe6 fxe6 $11 {Matveeva,S-Bojkovic,N/Istanbul,2003(1/2-1/2)(54)}) 18... b5 $146
({The other game, which has reached this position was continued as follows:} 
18... Qa8 $5 19. Bd4 b5 20. Ne5 Rc7 21. Qf5 Bc8 22. Qf3 {Dearing,E: "At this
stage I felt that White must hold some kind of advantage, however it proves
surprisingly difficult for Karpov to transform his slight positional edge into
something more concrete".} Be6 23. h3 Qb7 24. Nd3 Rd8 25. Ne2 Ne4 $11 {Karpov,
A-Macieja,B/Warsaw,2003(0-1)(44)}) 19. Bd4 {White prepares Ne5 with the idea
to kick the black rook out of c4, but Black beats him to it, by freeing the
nearest spot for it:} b4 ({Hardly better was:} 19... Re8 20. Ne5 Rc8 21. Qf5
$14) (19... Qa8 $5 {with similar ideas as in game Karpov,A-Macieja,B/Warsaw,
2003}) 20. axb4 Rxb4 ({Leads to benefit of the contender:} 20... Bxb4 $6 21.
Bxf6 (21. Ng5 $143 {[%csl Yf6,Rh7][%cal Gd4f6]} g6) 21... Qxf6 22. Nxd5 Qe6 23.
Qd3 $1 Bxd5 (23... Rfc8 $143 24. Nxb4 Bxf3 (24... Rxb4 $2 25. Ng5 {[%csl Rg8,
Rh7][%cal Gd3d8]}) 25. Qd8+ Qe8 $8 26. Qxe8+ Rxe8 27. Rd4 $1 $16) 24. Qxd5 $14)
21. Ne5 {I think it was better to provoke Black to weaken his king:} (21. Ng5
$5 g6 $140 22. Nf3 {גa1-h8}) 21... Bd6 22. Qf5 Qc7 $2 {It's a bad move, which
allows his opponent to gain a material advantage.} (22... Qc8 $1 23. Qxc8 (23.
Qg5 h6 24. Qg3 Qe6 25. f4 Re8 $11) 23... Rxc8 $11 24. Nd3 Rbc4 $11) 23. Nd3 $1
{[%csl Rb4,Rf6][%cal Gd4f6,Gd3b4]} Bc8 ({This doesn't change anything:} 23...
Rxd4 24. exd4 Bxh2+ 25. Kh1 Bd6 26. Rfe1 Bc8 27. Qg5 h6 28. Qh4 {with
rearrangement of moves we receive the position from the game.}) 24. Qg5 Rxd4 (
24... Bxh2+ $144 25. Kh1 Rxd4 26. exd4 {- 26.Kh1}) 25. exd4 Bxh2+ 26. Kh1 {
White threatens to exchange the Bh2 and to grab d5 in the process, thus, this
following black move is a must:} h6 (26... Rd8 $4 {is refuted by:} 27. f4 h6 (
27... Ng4 28. Nxd5 $18) 28. Qh4 Ng4 29. Ne5 $18) (26... Bd6 $2 27. Nxd5 Nxd5
28. Qxd5 Be6 29. Qg5 $16) 27. Qh4 Bd6 28. Rfe1 $14 {Let's see what we have on
the board: Black has a pawn for the exchange. The center is closed (Pd4/Pd5)
thus Black's bishops are not so strong. White's goal - to exchange as many
pieces as possible and to begin realizing his material advantage, and Black's
goal is - not let White carry out his plan, use his weak pawns around the king
and try to get piece play.} Be6 29. Rd2 {White, for prophylactics, defends his
Pb2 with the idea to free the Nd3 in the future from this job, but I think
this was better:} (29. Ra1 $5 {קa6}) ({or} 29. Ne5 $5) 29... Rb8 $6 (29... Bf5
$5 {/^b1-h7 with the idea to play Ne4 at cases.}) 30. Rc1 Qb6 31. Kg1 $6 {
A weird prophylactic move.} (31. Ne5 $5 $14) 31... Rc8 {Mark Bluvshtein could
have used his opponent's mistake, and could have taken control of the central
square e5:} (31... Ng4 $5 {[%csl Yg4][%cal Yg4e5]} 32. Ne5 (32. Nxd5 $2 Qxd4
33. Ne7+ Bxe7 34. Qxe7 Nxf2 $1 35. Rxf2 Qxd3 $15) (32. Ne2 Bf5 $44) 32... Nxe5
33. dxe5 Bxe5 34. Nxd5 Bxd5 35. Rxd5 Bxb2 36. Rcd1 Bf6 $11) 32. Nc5 $5 Bf5 {
/^b1-h7} ({After:} 32... Bxc5 $5 33. dxc5 Rxc5 34. Qd4 Qc7 {Black has 2 pawns
for the exchange, but White's position is still nicer.}) 33. Rcd1 {[%csl Gc3,
Gd1,Gd2,Rd5] Now White defends the Pc5 indirectly.} Kh7 34. f3 $1 {White frees
the square f2 for his queen and is thinking about the pawn attack g4-g5.} Bxc5
$6 (34... Kg8 $5 {with the intent to keep the position unclear.}) 35. dxc5 Rxc5
$2 {A painful blunder leading to a very tough endgame. Probably, this mistake
was made in time-trouble.} (35... Qxc5+ $142 36. Qf2 Qxf2+ (36... Be6 37. Qxc5
Rxc5 38. Ra1 $14) 37. Kxf2 Rb8 38. Ra1 $14) 36. Na4 Rc4+ 37. Nxb6 Rxh4 38. Rd4
$1 $16 {After the rook exchange, White easily gets to the pawn a6, and the
b-pawn will quickly decide the game in White's favour.} Bc2 39. Rxh4 Bxd1 40.
Kf2 a5 (40... Bb3 41. Ke3 {[%csl Ra6,Ye3][%cal Gh4h1,Gh1a1,Ye3d4,Yd4c5]}) 41.
Rh1 Bb3 42. Ra1 Kg6 43. Ra3 $1 {Before grabbing the Pa5, Sergei Shipov
worsened the placement of the black bishop.} a4 (43... Bc2 44. Ke3 (44. Rxa5 d4
45. Nc4 $18) 44... a4 45. Nxa4 Kf5 46. Kd4 $18) 44. Nxa4 Bc2 45. Nc3 $18 {
The further resistance is senseless!} 1-0

[Event "Olympiad-36"]
[Site "Mallorca"]
[Date "2004.10.26"]
[Round "11"]
[White "Sokolov, Ivan"]
[Black "Sulskis, Sarunas"]
[Result "1-0"]
[WhiteElo "2663"]
[BlackElo "2555"]
[Annotator "Golod,V"]
[PlyCount "101"]
[EventDate "2004.10.15"]
[EventType "team-swiss"]
[EventRounds "14"]
[EventCountry "ESP"]
[SourceTitle "CBM 104"]
[Source "ChessBase"]
[SourceDate "2005.01.27"]
[SourceVersion "1"]
[SourceVersionDate "2005.01.27"]
[SourceQuality "1"]
[WhiteTeam "Netherlands"]
[BlackTeam "Lithuania"]
[WhiteTeamCountry "NED"]
[BlackTeamCountry "LTU"]

1. d4 Nf6 2. c4 e6 3. Nc3 Bb4 4. Qc2 c5 5. dxc5 O-O 6. a3 Bxc5 7. Nf3 b6 8. Bg5
Bb7 9. e4 Be7 {Black try to play this variation without a preventive move:} (
9... h6 $5 {You can see my comments to Sokolov,I-Kurajica,B/Sarajevo,2004/CBM
101(1-0)(50)}) 10. Be2 (10. Rd1 $5 {You can see annotations to game: Petursson,
M-Gulko,B/New York,1991/Inf 51/559(1-0)(Petursson,M)(35)}) 10... d6 {Too
passively,but reliably.} ({On:} 10... Nc6 {you can find two games}) ({and
after:} 10... h6 $5 {you can find three games in Mega DataBase 2004.}) 11. O-O
({On:} 11. Rd1 {I have found six games in my database.}) 11... Nbd7 12. Rfd1 ({
Is a possible continuation of the play:} 12. Rad1 {See comments to Ivanov,
S-Taimanov,M/St.Petersburg,1996/CBM 56(1-0)(Kantsler,B)(35)}) 12... Qc7 $5 {
Also in this position once were checked the following moves:} (12... Qb8 13.
Rac1 a6 14. h3 $6 (14. b4 $142) 14... Qc7 15. Qb1 Nc5 $36 {Hareux,H-Chuchelov,
V/Bethune,2000(0-1)(35)}) ({and} 12... a6 $5 13. Nd4 Rc8 14. f3 Ne5 15. Qb3 Qc7
$11 {Krivoshey,S-Alexandrova,O/Alushta,2003(1/2-1/2)(23)}) 13. Rac1 $146 {
Is paradoxical,but only this logical move is a novelty.} ({Was checked in the
preceding game:} 13. Nd4 a6 14. Rac1 Rfe8 15. Be3 Rac8 16. f3 Qb8 17. Qd2 Bd8
18. Nb3 Bc7 19. Bf4 Ne5 20. Bxe5 dxe5 $11 {Grigore,G-Tjiam,D/Montecatini Terme,
2000(1/2-1/2)(63)}) 13... Rac8 14. b4 Qb8 $11 {It became already clear,that
Black have decided all opening problems.The black's pieces are located rather
harmoniously,they attack of the white's pawns "c4" and "e4".} 15. Qb1 Rfe8 16.
h3 {><g4 White prepare a point "e3" for his bishop.} Ba6 {Black begin to
attack a weak part of the contender - Pc4.} 17. Qa2 Rc7 18. Bf4 Qc8 19. Nd2 ({
Leads to favourable simplifications for Black:} 19. Bxd6 $6 Bxd6 20. Rxd6 Bxc4
21. Qb1 Bxe2 22. Nxe2 Rxc1+ 23. Qxc1 Qxc1+ 24. Nxc1 Kf8 {[%csl Rd6][%cal Gf8e7]
} 25. Nd3 e5 $11) 19... Ne5 {The right positional decision.} 20. Bxe5 dxe5 {
Sarunas Sulskis has received the control above the centre (><d4), White,in
turn,has a pawns advantage on the queen side,but can't use it.} 21. Qb2 Rd8 {
<->d} 22. Re1 Nd7 {Black want to move him N on the ideal point "d4",but it
cannot be made,after the following move:} 23. Nb5 $1 Bxb5 ({Hardly it was
better:} 23... Rb7 24. Nf3 {קe5}) 24. cxb5 $11 Nf6 ({It deserves more
attention:} 24... Bg5 $5 25. Rxc7 Qxc7 26. Nf3 Bh6 $11 {/^c1-h6}) 25. Rxc7 Qxc7
26. Rc1 Qd7 27. Rc2 {White fairly avoid a exchange of the central pawns.} (27.
Nc4 $143 Nxe4 28. Qxe5 Nd6 {=/=/+}) 27... Rc8 28. Rxc8+ Qxc8 {Presence of
bishops of opposite color in endgame - "harbinger" of drawn game.} 29. Bd3 (29.
Qxe5 $2 {is refuted by:} Qc1+ 30. Nf1 Qxa3 {קb4}) 29... h6 (29... Nd7 $5 30.
Nf3 $140 Qc7 $11) 30. Nf3 Nd7 31. h4 {White's idea is: to create of additional
weakness in camp of the contender.} (31. Nxe5 $6 Nxe5 (31... Bf6 $143 32. Nc6
$1 (32. f4 $2 Qc7 $15) 32... Bxb2 $140 33. Ne7+ Kf8 34. Nxc8 Bxa3 35. Nxa7 Bxb4
$11) 32. Qxe5 Qc1+ 33. Bf1 Qxa3 34. Qb8+ Bf8 {=/=/+}) 31... Qc7 32. g3 Kf8 33.
Kg2 g5 $6 {Doubtful idea.It is rather dangerous to open the king without the
special necessity.} (33... Bd6 $5 34. Nd2 Qc8 35. Nc4 Bb8 $11) 34. Qd2 Qd6 35.
hxg5 hxg5 36. Qc3 Kg7 37. Bc2 g4 (37... Bf6 $6 38. Qc6 $1 $36 {/\Qb7(קa7)})
38. Nh2 Nf6 39. Qe3 Qd4 $4 {Painful blunder leading to immediate loss of Pg4.}
({Can be recommended:} 39... Qc7 $5 40. Bb3 (40. Bd1 Qc4 41. Nxg4 Nxg4 42. Bxg4
Qxb5 $11) 40... Qb7 41. Qg5+ Kf8 42. Qxe5 Qxe4+ 43. Qxe4 Nxe4 44. Nxg4 Nc3 $11)
40. Qxd4 exd4 41. e5 Nd5 42. Nxg4 $16 {In this position White don't have any
weakness,in the same time,Black has a very weak pawn "d4".} f5 43. Nh2 $1 Bd8
44. Nf3 Bc7 45. Bb3 $1 {/\46.Bxd5 exd5 47.Nxd4} (45. Nxd4 $143 Bxe5 46. Nxe6+
Kf6 {[%csl Ra3][%cal Ge5b2] /\Bb2 and Black gets a some chances for rescue.})
45... Nc3 46. Bxe6 Nxb5 (46... Kg6 47. Nh4+) 47. Bxf5 Nxa3 48. Bd3 $1 $18 {
[%csl Ra3,Yd3][%cal Yd3a6,Yd3b1]} a5 49. bxa5 bxa5 50. g4 a4 51. Kg3 {[%cal
Gg3f4,Gf4e4] The further resistance is senseless.} 1-0

[Event "Moscow Aeroflot op-A"]
[Site "Moscow"]
[Date "2005.02.16"]
[Round "2"]
[White "Beliavsky, Alexander G"]
[Black "Shaposhnikov, Evgeny"]
[Result "1-0"]
[WhiteElo "2635"]
[BlackElo "2577"]
[Annotator "Golod,V"]
[PlyCount "73"]
[EventDate "2005.02.15"]
[EventType "swiss"]
[EventRounds "9"]
[EventCountry "RUS"]
[SourceTitle "CBM 106"]
[Source "ChessBase"]
[SourceDate "2005.06.06"]
[SourceVersion "1"]
[SourceVersionDate "2005.06.06"]
[SourceQuality "1"]

1. d4 Nf6 2. c4 e6 3. Nc3 Bb4 4. Qc2 c5 5. dxc5 O-O 6. a3 Bxc5 7. Nf3 Qb6 {
Black chose a very rare idea for this specific position.} (7... b6 $5 {It's
the main line.For example you can see my annotations to Sokolov,I-Sulskis,S/
Mallorca,2004/CBM 104(1-0)(51)}) 8. e3 Be7 ({Also repeatedly were checked up
in previous games:} 8... Qc7 $5) 9. Bd3 $5 {White chose this continuation as
an alternative: 9.b3!?; 9.Be2; 9.b4!? and 9.e4.} d6 {Black didn't want to
change the picture in this game:} (9... d5 $5 {You can see comments toYakovich,
Y-Kharitonov,A/Sochi,1997/CBM 062(1-0)(Yakovich,Y)(69)}) 10. b4 ({You can find
7 games in this position with the following move:} 10. O-O $5) ({and only one
with this one:} 10. g4 $1 {For further information, you can see comments to
Lazarev,V-Dragomarezkij,E/Alushta,1993/CBM 036(1-0)([Hansen,LB)(52)}) 10...
Nbd7 ({A little prematurely:} 10... a5 11. Na4 Qa7 12. Bb2 axb4 13. axb4 Nc6
14. Qb3 e5 15. Nc3 Qb8 16. Rxa8 Qxa8 17. O-O Bg4 18. Nd2 $14 {Toth,C-Skembris,
S/Dortmund,1992(1-0)(32)}) 11. Bb2 a6 12. g4 {Alot of responsibility behind
this move.White is playing on both sides! This is a typical idea for positions
with this pawn structure.} ({Leads to quieter game:} 12. O-O $5) 12... Qc6 $5
$146 ({It was dangerous to accept the pawn sacrifice right away:} 12... Nxg4 $6
{because of:} 13. Rg1 (13. Bxh7+ $5 Kh8 14. Rg1 f5 15. Bg6 $36) 13... h5 (13...
f5 $5) 14. O-O-O f5 15. Kb1 Bf6 16. h3 Nge5 17. Ng5 Nxd3 18. Qxd3 Ne5 19. Qe2
$40 {Greenfeld,A-Zak,U/Corfu,1991(1-0)(22)}) 13. Ke2 g6 $2 ({Now this required
some attention:} 13... Nxg4 $1 14. Bxh7+ (14. Rag1 $5) 14... Kh8 {[%csl Rc4,
Rh7]} 15. Qe4 Nge5 16. Nxe5 Nxe5 17. Qxc6 bxc6 18. Bd3 Nxd3 19. Kxd3 e5 $11)
14. h4 $1 {White begins a wide pawn attack on the king side!} b5 $6 (14... Nxg4
$5 15. Rag1 Nge5 16. Nxe5 Nxe5 17. h5 $40) ({Hardly it was better:} 14... b6
15. h5 Bb7 16. Nd4 $40) 15. cxb5 axb5 16. h5 $1 $40 {Apparently this
continuation is stronger, than:} (16. g5 Nh5 17. Bxb5 Ba6 18. Bxa6 Qxa6+ 19.
Qd3 Qb7 {+/=/+/-}) 16... Nxg4 17. Rag1 Bb7 (17... Nde5 18. Nd4 Qb6 19. f4 Nxd3
20. Qxd3 $16) 18. Nd4 $1 Qxh1 {It seems that Black didn't appraise the
position he will get after his 21st move, correctly.} (18... Qc8 $5 19. Rh3 (
19. Rxg4 $143 Bxh1 20. hxg6 hxg6 21. Bxg6 Ne5 22. Bh7+ Kh8 23. Rg3 Bb7 24.
Ncxb5 Qxc2+ 25. Bxc2 {[%csl Rh8][%cal Gf2f4]}) 19... Nge5 20. Bxb5 g5 21. f4
$16) 19. Rxh1 Bxh1 20. f3 $1 Nge5 21. Bxb5 $16 {All would have been fine for
Black, if it weren't for his "h1" bishop, it can't return to the game, and
soon enough will be eliminated from the board. If Black succeeds in recovering
it, he will face different material losses.} Nb6 (21... Nf6 $142 22. hxg6 fxg6
23. Qd1 Nh5 (23... Bg2 $143 24. Qg1 Bh3 (24... Bxf3+ 25. Nxf3 Nxf3 26. Kxf3
Nd5+ 27. Ke2 Nxc3+ 28. Bxc3 Rxa3 29. Qg4 $1 $18 {[%csl Gb5,Re6,Gg4]}) 25. Qh1
Bf5 26. e4 Nh5 27. Kd1 $18) 24. f4 Nf7 25. Nxe6 {+/-/+-}) 22. Qd1 Nbc4 ({
That bishop has nowhere to run:} 22... Bg2 23. Qg1 Bh3 24. Qg3 Bf5 25. e4 {
[%csl Rf5] and White will trap it in the middle of the board!}) 23. Bc1 Nxa3 ({
This doesn't change anything:} 23... Bg2 24. Kf2 Bh3 25. Kg3 Bf5 26. e4 $18)
24. Qxh1 Nxb5 25. Ndxb5 $18 {White has Q+N for his opponent's RR. Objectively,
the position is won, however, white's king is a bit exposed, and that why he
has to be very accurate when realizing his material advantage.} Ra1 26. f4 {
First, it is necessary to enter the most important piece into the game.} Ng4
$140 27. hxg6 hxg6 28. Qb7 Rxc1 ({I don't believe this was any better:} 28...
Bh4 29. Bd2 d5 30. e4 $18) 29. Qxe7 Rc2+ 30. Kd3 Rb2 31. Nxd6 {The black rook
must defend the "f7" square, that's why Black doesn't have anything to attack
the white king.} Nf2+ 32. Kc4 Ng4 33. e4 Ne3+ 34. Kd3 Ng2 35. f5 $1 {White
gets to his opponent's king first.} exf5 $140 36. Nd5 $1 {Great Knights! Now
White has created a threat: 37.Nf6+ Kg7 37.Nde8+} fxe4+ 37. Qxe4 {Black
resigns, because he can not find protection against numerous threats.} 1-0